|
|
|
|
| LEADER |
00000nab a2200000uu 4500 |
| 001 |
vtls011517664 |
| 003 |
SK-MaSNL |
| 005 |
20260303162614.0 |
| 008 |
230302|1913 xo |||||||||||||||||slo| |
| 015 |
|
|
|a SNBRB
|
| 035 |
|
|
|a (urnnbn)urn:nbn:sk:snk:ar-001tid
|
| 035 |
|
|
|a (uuid)cda4f67a-4bfb-415b-b3a8-9330ef4ebe19
|
| 035 |
|
|
|a urn:nbn:sk:snk-abe6sv
|
| 040 |
|
|
|a SNKBUCL
|b slo
|c SNKBUCL
|e AACR2
|
| 041 |
0 |
|
|a slo
|
| 044 |
|
|
|a xo
|c SK
|
| 100 |
1 |
|
|a Martiš, Albert,
|d 1855-1918
|4 aut
|9 197991
|
| 245 |
1 |
0 |
|a Zo života mravcov.
|c Albert Martiš
|
| 773 |
0 |
|
|t Slovenské pohľady
|g Roč. 33, č. 4 (1913), s. 199-204
|
| 958 |
|
|
|a OND
|
| 958 |
|
|
|a EUIPO
|
| 958 |
|
|
|a article21
|
| 999 |
|
|
|c 2055813
|d 2057743
|